[Event "Titled Tuesday intern op 23rd Apr Late"]
[Site "Chess.com INT"]
[Date "2024.04.23"]
[Round "1"]
[White "Chor, Kevin"]
[Black "Pironti, Francisco Ferrari"]
[Result "1-0"]
[WhiteElo "1966"]
[BlackElo "1975"]
[PlyCount "53"]
[EventDate "2024.04.23"]
[EventType "swiss (blitz)"]
[EventRounds "11"]
[EventCountry "USA"]
[SourceTitle "CB18_2024"]
[SourceDate "2024.05.01"]
[SourceVersion "1"]
[SourceVersionDate "2024.05.01"]
[SourceQuality "2"]

1. e4 c5 2. Nf3 a6 3. c3 d5 4. exd5 Qxd5 5. d4 Nc6 6. Be3 cxd4 7. cxd4 e6 8. Nc3 Bb4 9. Be2 Bxc3+ 10. bxc3 Nf6 11. 0-0 0-0 12. c4 Qd6 13. Qc2 b5 14. d5 exd5 15. cxb5 d4 16. Rfd1 Nb4 17. Qb2 d3 18. a3 Nbd5 19. Rxd3 axb5 20. Rad1 Bf5 21. Rb3 Qe7 22. Bg5 Rfe8 23. Rxd5 Qxe2 24. Qxe2 Rxe2 25. Rxf5 Ne4 26. Rfxb5 Nxg5 27. Rxg5 1-0

[Event "Titled Tuesday intern op 23rd Apr Late"]
[Site "Chess.com INT"]
[Date "2024.04.23"]
[Round "3"]
[White "Kepeshchuk, Mykhaylo"]
[Black "Pironti, Francisco Ferrari"]
[Result "1-0"]
[WhiteElo "2269"]
[BlackElo "1975"]
[PlyCount "55"]
[EventDate "2024.04.23"]
[EventType "swiss (blitz)"]
[EventRounds "11"]
[EventCountry "USA"]
[SourceTitle "CB18_2024"]
[SourceDate "2024.05.01"]
[SourceVersion "1"]
[SourceVersionDate "2024.05.01"]
[SourceQuality "2"]

1. d4 Nf6 2. c4 e6 3. g3 d5 4. Bg2 Bb4+ 5. Nd2 0-0 6. Ngf3 c6 7. 0-0 Nbd7 8. Qc2 b6 9. Rd1 Bb7 10. e4 dxe4 11. Nxe4 Nxe4 12. Qxe4 Nf6 13. Qe2 Qc8 14. a3 Be7 15. b4 a5 16. Bd2 Rd8 17. Bc3 Qc7 18. Ne5 c5 19. dxc5 bxc5 20. b5 Bxg2 21. Kxg2 h5 22. Qf3 Rac8 23. Nc6 Rxd1 24. Rxd1 Ng4 25. h3 Nf6 26. Bxa5 Qb7 27. Bc3 Ra8 28. Nxe7+ 1-0

[Event "Titled Tuesday intern op 23rd Apr Late"]
[Site "Chess.com INT"]
[Date "2024.04.23"]
[Round "2"]
[White "Pironti, Francisco Ferrari"]
[Black "Kotyk, Michael"]
[Result "1-0"]
[WhiteElo "1975"]
[BlackElo "2125"]
[PlyCount "169"]
[EventDate "2024.04.23"]
[EventType "swiss (blitz)"]
[EventRounds "11"]
[EventCountry "USA"]
[SourceTitle "CB18_2024"]
[SourceDate "2024.05.01"]
[SourceVersion "1"]
[SourceVersionDate "2024.05.01"]
[SourceQuality "2"]

1. e4 c6 2. d4 g6 3. h4 h5 4. Nf3 d5 5. e5 Bg4 6. Be2 Nh6 7. Ng5 Bxe2 8. Qxe2 Nf5 9. e6 fxe6 10. Qxe6 Qd7 11. Qxg6+ Kd8 12. Nf7+ Kc8 13. Nxh8 Nxd4 14. 0-0 Na6 15. Rd1 Nf5 16. Nf7 Bg7 17. Nc3 e5 18. Qxf5 Qxf5 19. Nd6+ Kc7 20. Nxf5 Bf6 21. g3 Nb4 22. Bg5 Bh8 23. a3 Nxc2 24. Rac1 Nd4 25. Nxd4 exd4 26. Nb5+ Kb6 27. Nxd4 Re8 28. Be3 Ka6 29. b4 Re4 30. Kg2 Bg7 31. Kf3 Bf8 32. Nb3 Kb5 33. Bc5 Bg7 34. Nd4+ Ka6 35. Nf5 Bb2 36. Rc2 Bf6 37. Bd4 Bd8 38. Re2 Rg4 39. Re8 Bc7 40. Ne3 Rg6 41. Be5 Bb6 42. Bd4 Bc7 43. Nf5 Kb5 44. Re7 Bd8 45. Rxb7+ Kc4 46. Rc1+ Kb3 47. b5 c5 48. Bxc5 Rf6 49. Kf4 Ba5 50. Bd4 Bd2+ 51. Ke5 Rf8 52. Rd1 Re8+ 53. Kxd5 Kc2 54. Rxd2+ Kxd2 55. Be3+ Ke2 56. Rxa7 Kf3 57. Re7 Rd8+ 58. Ke5 Rb8 59. Rf7 Rxb5+ 60. Kd4 Ra5 61. Nd6+ Kg4 62. Nc4 Ra4 63. Rg7+ Kf3 64. Rg5 Ra8 65. Ra5 Rd8+ 66. Rd5 Ra8 67. Ne5+ Kg2 68. Nd3 Rxa3 69. Rxh5 Kh3 70. Nf4+ Kg4 71. Rg5+ Kf3 72. h5 Ra4+ 73. Ke5 Ra5+ 74. Kf6 Ra6+ 75. Kf5 Ra5+ 76. Kg6 Ra6+ 77. Kg7 Rc6 78. Rg6 Rc7+ 79. Kf6 Rc8 80. Kg5 Rf8 81. h6 Re8 82. h7 Re7 83. h8Q Re5+ 84. Kh4 Re4 85. Qh5# 1-0

[Event "Titled Tuesday intern op 23rd Apr Late"]
[Site "Chess.com INT"]
[Date "2024.04.23"]
[Round "9"]
[White "Pironti, Francisco Ferrari"]
[Black "Romero Ruscalleda, Josep"]
[Result "0-1"]
[WhiteElo "1975"]
[BlackElo "2153"]
[PlyCount "62"]
[EventDate "2024.04.23"]
[EventType "swiss (blitz)"]
[EventRounds "11"]
[EventCountry "USA"]
[SourceTitle "CB18_2024"]
[SourceDate "2024.05.01"]
[SourceVersion "1"]
[SourceVersionDate "2024.05.01"]
[SourceQuality "2"]

1. d4 g6 2. e4 Bg7 3. f4 d6 4. Nf3 a6 5. c4 Bg4 6. Be2 Nc6 7. Be3 Nf6 8. Nc3 0-0 9. 0-0 Re8 10. e5 Nd7 11. Ng5 Bxe2 12. Qxe2 e6 13. Nce4 Nb6 14. Rad1 Nxc4 15. Qxc4 d5 16. Qe2 dxe4 17. Nxe4 Nb4 18. a3 Nd5 19. Bc1 Qh4 20. g3 Qe7 21. g4 Qh4 22. Kh1 f5 23. exf6 Nxf6 24. Nxf6+ Bxf6 25. g5 Bg7 26. Qe4 Rad8 27. Qxb7 Bxd4 28. Qc6 Qh3 29. Rfe1 e5 30. fxe5 Re6 31. Qc4 Qf3# 0-1

[Event "Sao Paulo Sampa op"]
[Site "Sao Paulo"]
[Date "2024.02.02"]
[Round "6"]
[White "Regiani, Rafael"]
[Black "Pironti, Francisco Ferrari"]
[Result "0-1"]
[WhiteElo "1476"]
[BlackElo "1951"]
[PlyCount "66"]
[EventDate "2024.01.29"]
[EventType "swiss"]
[EventRounds "9"]
[EventCountry "BRA"]
[SourceTitle "CB06_2024"]
[SourceDate "2024.02.07"]
[SourceVersion "1"]
[SourceVersionDate "2024.02.07"]
[SourceQuality "1"]

1. e4 c5 2. Nf3 d6 3. d4 cxd4 4. Nxd4 Nf6 5. Nc3 a6 6. Bd3 e5 7. Nf3 Be7 8. h3 0-0 9. Be3 b5 10. 0-0 Bb7 11. Nd5 Bxd5 12. exd5 e4 13. Bxe4 Nxe4 14. Re1 Re8 15. Qd3 Nf6 16. Nd4 Nxd5 17. Nf5 Nf6 18. Bd4 Nc6 19. Qg3 Nh5 20. Nh6+ Kf8 21. Qf3 gxh6 22. Qxc6 Bf6 23. Rxe8+ Qxe8 24. Qxd6+ Qe7 25. Qd5 Rd8 26. Qxh5 Rxd4 27. Qxh6+ Kg8 28. c3 Re4 29. Qd2 Re2 30. Qc1 Bh4 31. g3 Bxg3 32. Kg2 Bxf2 33. Kf3 Qe4# 0-1

[Event "Sao Paulo Sampa op"]
[Site "Sao Paulo"]
[Date "2024.02.01"]
[Round "5"]
[White "Pironti, Francisco Ferrari"]
[Black "Di Berardino, Diego Rafael"]
[Result "0-1"]
[WhiteElo "1951"]
[BlackElo "2480"]
[PlyCount "68"]
[EventDate "2024.01.29"]
[EventType "swiss"]
[EventRounds "9"]
[EventCountry "BRA"]
[SourceTitle "CB06_2024"]
[SourceDate "2024.02.07"]
[SourceVersion "1"]
[SourceVersionDate "2024.02.07"]
[SourceQuality "1"]

1. e4 c5 2. Nf3 d6 3. d4 cxd4 4. Nxd4 Nf6 5. Nc3 Nc6 6. h3 g6 7. Be3 Bg7 8. g4 0-0 9. Bg2 Nxd4 10. Bxd4 Qa5 11. 0-0 Be6 12. f4 Rac8 13. Qd2 Rc4 14. f5 Nxe4 15. Nxe4 Qxd2 16. Nxd2 Bxd4+ 17. Kh1 Rxc2 18. fxe6 Rxd2 19. exf7+ Kg7 20. Rad1 Rxd1 21. Rxd1 Bxb2 22. Bd5 Rc8 23. Bxb7 Rc2 24. Bd5 Re2 25. Bc4 Re4 26. Bd5 Re5 27. Bb3 Ba3 28. Rd5 Re1+ 29. Kg2 Bc5 30. Rd3 e6 31. Rf3 d5 32. Ba4 Re2+ 33. Kf1 Rxa2 34. Be8 g5 0-1

[Event "Sao Paulo Sampa op"]
[Site "Sao Paulo"]
[Date "2024.01.31"]
[Round "4"]
[White "Pironti, Francisco Ferrari"]
[Black "Barberi, Catarina"]
[Result "1-0"]
[WhiteElo "1951"]
[BlackElo "1524"]
[PlyCount "75"]
[EventDate "2024.01.29"]
[EventType "swiss"]
[EventRounds "9"]
[EventCountry "BRA"]
[SourceTitle "CB06_2024"]
[SourceDate "2024.02.07"]
[SourceVersion "1"]
[SourceVersionDate "2024.02.07"]
[SourceQuality "1"]

1. c4 e6 2. Nf3 Nf6 3. g3 d5 4. Bg2 Be7 5. 0-0 0-0 6. d4 b6 7. Qc2 Bb7 8. Rd1 c5 9. dxc5 Bxc5 10. cxd5 exd5 11. Nc3 Qe7 12. Bg5 Na6 13. Nd4 Qe5 14. Bf4 Qe7 15. a3 Bxd4 16. Rxd4 Nc7 17. Bxc7 Qxc7 18. Qd3 Qe5 19. Rd1 h6 20. e3 Rac8 21. Ra4 Ra8 22. Qd4 Qe8 23. Qf4 Ne4 24. Nxe4 dxe4 25. Bxe4 Bxe4 26. Qxe4 Qb5 27. Rb4 Qc5 28. Rbd4 Rac8 29. Qd3 Qe5 30. b4 Qe6 31. Rd7 Ra8 32. Qd5 Qg6 33. Rc1 Qf6 34. Rcc7 a5 35. Rxf7 Rxf7 36. Rxf7 Qa1+ 37. Kg2 Rf8 38. Rf6+ 1-0

[Event "Titled Tuesday intern op 26th Sep Early"]
[Site "Chess.com INT"]
[Date "2023.09.26"]
[Round "2"]
[White "Osiecki, Stanislaw"]
[Black "Pironti, Francisco Ferrari"]
[Result "0-1"]
[WhiteElo "1996"]
[BlackElo "1947"]
[PlyCount "90"]
[EventDate "2023.09.26"]
[EventType "swiss (blitz)"]
[EventRounds "11"]
[EventCountry "USA"]
[SourceTitle "EXT 2024"]
[Source "ChessBase"]
[SourceDate "2023.10.10"]
[SourceVersion "1"]
[SourceVersionDate "2023.10.10"]
[SourceQuality "1"]

1. e4 c5 2. c3 Nf6 3. e5 Nd5 4. d4 cxd4 5. Nf3 Nc6 6. cxd4 d6 7. Bc4 dxe5 8. dxe5 Be6 9. 0-0 g6 10. Ng5 Bg7 11. Nxe6 fxe6 12. f4 0-0 13. Qg4 Nd4 14. Na3 b5 15. Bxd5 Qxd5 16. Be3 Nf5 17. Qe2 Qe4 18. Rf3 Nd4 19. Qf2 Nxf3+ 20. Qxf3 Qxf3 21. gxf3 a6 22. b4 Rac8 23. Rc1 Rxc1+ 24. Bxc1 Rc8 25. Bd2 Kf7 26. Kf2 Bh6 27. Ke3 g5 28. Kd3 gxf4 29. Nc2 Rd8+ 30. Ke2 Kg6 31. Bc3 Rc8 32. Kd3 Bg7 33. Bd4 Kf5 34. Ne1 Bxe5 35. Bc5 Rd8+ 36. Ke2 Bd6 37. Bb6 Rc8 38. a3 Rc6 39. Bd4 e5 40. Bb2 e4 41. fxe4+ Kxe4 42. Kd2 f3 43. Nd3 Bf4+ 44. Kd1 Rd6 45. Kc2 Rxd3 0-1

[Event "Titled Tuesday intern op 26th Sep Early"]
[Site "Chess.com INT"]
[Date "2023.09.26"]
[Round "8"]
[White "Pironti, Francisco Ferrari"]
[Black "Deveci, Huseyin Said"]
[Result "1-0"]
[WhiteElo "1947"]
[BlackElo "1948"]
[PlyCount "61"]
[EventDate "2023.09.26"]
[EventType "swiss (blitz)"]
[EventRounds "11"]
[EventCountry "USA"]
[SourceTitle "EXT 2024"]
[Source "ChessBase"]
[SourceDate "2023.10.10"]
[SourceVersion "1"]
[SourceVersionDate "2023.10.10"]
[SourceQuality "1"]

1. e4 e5 2. f4 exf4 3. Nf3 g5 4. Bc4 g4 5. 0-0 gxf3 6. Qxf3 Qf6 7. e5 Qxe5 8. Bxf7+ Kxf7 9. d4 Qxd4+ 10. Be3 Qxe3+ 11. Qxe3 Bd6 12. Nc3 Nf6 13. Qd3 Nc6 14. Ne4 Nxe4 15. Qxe4 Rf8 16. Qxh7+ Kf6 17. Qh6+ Kf7 18. Rae1 b6 19. Rxf4+ Bxf4 20. Qxf4+ Kg7 21. Qg5+ Kf7 22. Rf1+ Ke8 23. Qg6+ Ke7 24. Qg7+ Kd6 25. Qxf8+ Kd5 26. Rd1+ Ke4 27. Re1+ Kd5 28. Re8 Bb7 29. Rxa8 Bxa8 30. Qxa8 Kd6 31. h4 1-0

[Event "Titled Tuesday intern op 26th Sep Early"]
[Site "Chess.com INT"]
[Date "2023.09.26"]
[Round "9"]
[White "Pironti, Francisco Ferrari"]
[Black "Golubev, Mikhail"]
[Result "0-1"]
[WhiteElo "1947"]
[BlackElo "2461"]
[PlyCount "98"]
[EventDate "2023.09.26"]
[EventType "swiss (blitz)"]
[EventRounds "11"]
[EventCountry "USA"]
[SourceTitle "EXT 2024"]
[Source "ChessBase"]
[SourceDate "2023.10.10"]
[SourceVersion "1"]
[SourceVersionDate "2023.10.10"]
[SourceQuality "1"]

1. e4 c5 2. Nf3 d6 3. d4 Nf6 4. Nc3 cxd4 5. Nxd4 Nc6 6. Bc4 e6 7. 0-0 a6 8. Bb3 Qc7 9. Nxc6 Qxc6 10. Qe2 b5 11. a4 Bb7 12. axb5 axb5 13. Rxa8+ Bxa8 14. Bd5 Nxd5 15. exd5 Qc4 16. Qh5 Bxd5 17. Nxd5 Qxd5 18. Qxd5 exd5 19. Rd1 Kd7 20. Rxd5 Kc6 21. Rd1 Be7 22. Kf1 Ra8 23. Be3 Bf6 24. b3 Ra2 25. Rc1 Bb2 26. Rd1 Ba3 27. Bd4 g6 28. Rd2 Bb4 29. Re2 Kd5 30. c3 Ra1+ 31. Re1 Rxe1+ 32. Kxe1 Bc5 33. Bf6 Ke4 34. Ke2 d5 35. f3+ Kf5 36. Bd4 Bxd4 37. cxd4 b4 38. Ke3 h5 39. h4 f6 40. g3 g5 41. hxg5 fxg5 42. f4 gxf4+ 43. gxf4 h4 44. Kf3 h3 45. Kg3 h2 46. Kxh2 Kxf4 47. Kg2 Ke4 48. Kf2 Kxd4 49. Ke2 Kc3 0-1

[Event "Titled Tuesday intern op 19th Sep Early"]
[Site "Chess.com INT"]
[Date "2023.09.19"]
[Round "1"]
[White "Aaditya, Dhingra"]
[Black "Pironti, Francisco Ferrari"]
[Result "1-0"]
[WhiteElo "2495"]
[BlackElo "1947"]
[PlyCount "33"]
[EventDate "2023.09.19"]
[EventType "swiss (blitz)"]
[EventRounds "11"]
[EventCountry "USA"]
[SourceTitle "EXT 2024"]
[Source "ChessBase"]
[SourceDate "2023.10.10"]
[SourceVersion "1"]
[SourceVersionDate "2023.10.10"]
[SourceQuality "1"]

1. c4 e6 2. Nf3 Nf6 3. e3 d5 4. b3 Be7 5. Bb2 0-0 6. Be2 c5 7. 0-0 Nc6 8. cxd5 exd5 9. d4 b6 10. Nc3 Bf5 11. dxc5 bxc5 12. Rc1 d4 13. exd4 cxd4 14. Nh4 Be6 15. Nb5 Nd5 16. Rxc6 Bxh4 17. Nxd4 1-0

[Event "Titled Tuesday intern op 19th Sep Late"]
[Site "Chess.com INT"]
[Date "2023.09.19"]
[Round "1"]
[White "Pironti, Francisco Ferrari"]
[Black "Khandelwal, Ankush"]
[Result "1-0"]
[WhiteElo "1947"]
[BlackElo "2277"]
[PlyCount "121"]
[EventDate "2023.09.19"]
[EventType "swiss (blitz)"]
[EventRounds "11"]
[EventCountry "USA"]
[SourceTitle "EXT 2024"]
[Source "ChessBase"]
[SourceDate "2023.10.10"]
[SourceVersion "1"]
[SourceVersionDate "2023.10.10"]
[SourceQuality "1"]

1. e4 c5 2. Nf3 d6 3. d4 cxd4 4. Nxd4 Nf6 5. Nc3 a6 6. Be3 Ng4 7. Bg5 h6 8. Bh4 g5 9. Bg3 Bg7 10. Be2 h5 11. h4 gxh4 12. Bxh4 Nc6 13. Nf3 Qa5 14. 0-0 Bxc3 15. bxc3 Qxc3 16. Rb1 Rg8 17. Bg3 b5 18. Qd5 Bd7 19. Qxh5 Qxc2 20. Ng5 Nce5 21. Bxe5 Nxe5 22. f4 Ng6 23. Nxf7 Kxf7 24. f5 Qc5+ 25. Rf2 Ke8 26. fxg6 Qxh5 27. Bxh5 Kd8 28. Rbf1 Kc7 29. Rf7 Rae8 30. g7 Be6 31. Rf8 Rxg7 32. Rxe8 Bxa2 33. Ra1 Bc4 34. Rxa6 b4 35. Ra7+ Kb6 36. Raxe7 Rg5 37. Bf3 Kc5 38. Rc8+ Kd4 39. Rec7 Bd3 40. Rb7 Ba6 41. Rxb4+ Ke3 42. Rc6 Be2 43. Rc3+ Kd2 44. Ra3 Bxf3 45. Rxf3 Rc5 46. Rd4+ Ke2 47. Rxd6 Re5 48. Rf4 Re7 49. Rdf6 Ke1 50. Kh2 Rh7+ 51. Kg3 Rg7+ 52. Kf3 Rh7 53. g4 Rh3+ 54. Kg2 Rh4 55. Kg3 Rh1 56. g5 Rg1+ 57. Kh4 Rg2 58. Rf1+ Ke2 59. R1f2+ Rxf2 60. Rxf2+ Kxf2 61. g6 1-0

[Event "Titled Tuesday intern op 12th Sep Early"]
[Site "Chess.com INT"]
[Date "2023.09.12"]
[Round "7"]
[White "Chyzy, Jakub"]
[Black "Pironti, Francisco Ferrari"]
[Result "1/2-1/2"]
[WhiteElo "2286"]
[BlackElo "1947"]
[PlyCount "95"]
[EventDate "2023.09.12"]
[EventType "swiss (blitz)"]
[EventRounds "11"]
[EventCountry "USA"]
[SourceTitle "EXT 2024"]
[Source "ChessBase"]
[SourceDate "2023.10.10"]
[SourceVersion "1"]
[SourceVersionDate "2023.10.10"]
[SourceQuality "1"]

1. b3 d5 2. Bb2 e6 3. e3 Nf6 4. f4 Be7 5. Nf3 0-0 6. Be2 c5 7. 0-0 Nc6 8. Bb5 Ne4 9. d3 Nd6 10. Bxc6 bxc6 11. Nbd2 Bb7 12. Qe1 c4 13. dxc4 dxc4 14. bxc4 c5 15. Kh1 Ba6 16. Qe2 Rb8 17. Bc3 Nf5 18. e4 Nd4 19. Bxd4 cxd4 20. Qd3 Bc5 21. e5 Rb4 22. Ng5 g6 23. Qh3 h5 24. a3 Rb2 25. Qd3 Bb7 26. Nb3 Be7 27. Ne4 Qc7 28. Nxd4 Rc8 29. Nb5 Qxc4 30. Qxc4 Rxc4 31. Ned6 Rcxc2 32. Nxb7 Rxg2 33. Rfb1 Rbf2 34. N5d6 Bh4 35. Ne4 Rxh2+ 36. Kg1 Rhg2+ 37. Kh1 Re2 38. Nbd6 Rh2+ 39. Kg1 Rhg2+ 40. Kf1 Rh2 41. Rb8+ Kg7 42. Rb7 Rc2 43. Rxf7+ Kh6 44. Kg1 Rhg2+ 45. Kh1 Rh2+ 46. Kg1 Rhg2+ 47. Kf1 Rh2 48. Kg1 1/2-1/2

[Event "Titled Tuesday intern op 12th Sep Early"]
[Site "Chess.com INT"]
[Date "2023.09.12"]
[Round "4"]
[White "Eilers, Stefan"]
[Black "Pironti, Francisco Ferrari"]
[Result "0-1"]
[WhiteElo "2300"]
[BlackElo "1947"]
[PlyCount "58"]
[EventDate "2023.09.12"]
[EventType "swiss (blitz)"]
[EventRounds "11"]
[EventCountry "USA"]
[SourceTitle "EXT 2024"]
[Source "ChessBase"]
[SourceDate "2023.10.10"]
[SourceVersion "1"]
[SourceVersionDate "2023.10.10"]
[SourceQuality "1"]

1. d4 d5 2. Nc3 c6 3. Bf4 Nf6 4. e3 e6 5. Nf3 Bd6 6. Ne5 Qc7 7. Qf3 a6 8. g4 h6 9. h4 Nbd7 10. Nd3 Bxf4 11. exf4 c5 12. dxc5 Nxc5 13. g5 Nfe4 14. Nxc5 Nxc5 15. 0-0-0 Bd7 16. Bh3 0-0-0 17. Rhe1 Kb8 18. Kb1 Rc8 19. Ne2 Ne4 20. Nd4 hxg5 21. hxg5 Rh4 22. Bg4 Rxg4 23. Qxg4 e5 24. Nf5 Qxc2+ 25. Ka1 g6 26. Ne7 Bxg4 27. Rb1 Nd2 28. Rbc1 Qxc1+ 29. Rxc1 Rxc1# 0-1

[Event "Titled Tuesday intern op 12th Sep Early"]
[Site "Chess.com INT"]
[Date "2023.09.12"]
[Round "2"]
[White "Gamayev, Oleg"]
[Black "Pironti, Francisco Ferrari"]
[Result "1-0"]
[WhiteElo "2160"]
[BlackElo "1947"]
[PlyCount "81"]
[EventDate "2023.09.12"]
[EventType "swiss (blitz)"]
[EventRounds "11"]
[EventCountry "USA"]
[SourceTitle "EXT 2024"]
[Source "ChessBase"]
[SourceDate "2023.10.10"]
[SourceVersion "1"]
[SourceVersionDate "2023.10.10"]
[SourceQuality "1"]

1. d4 Nf6 2. Bf4 g6 3. e3 Bg7 4. Nd2 0-0 5. c3 d6 6. Ngf3 Nbd7 7. h3 Qe8 8. Be2 e5 9. Bh2 Qe7 10. 0-0 c6 11. b4 b5 12. a4 Nd5 13. Qb3 exd4 14. Nxd4 Bb7 15. N2f3 a6 16. c4 bxc4 17. Bxc4 N7f6 18. Rac1 Nxb4 19. Qxb4 c5 20. Qb3 cxd4 21. Nxd4 Rab8 22. Qa2 Ne4 23. Bd5 Be5 24. Bxb7 Rxb7 25. Nc6 Bxh2+ 26. Kxh2 Qh4 27. Rc4 d5 28. Rd4 Qg5 29. Qxd5 Qxd5 30. Rxd5 Nc3 31. Rd4 Rc8 32. Ne5 a5 33. Rc1 Rb4 34. Rd3 Re8 35. Nd7 Ne4 36. f3 Nf2 37. Rd2 Re7 38. Nf6+ Kg7 39. Nd5 Rd7 40. e4 Rxa4 41. Rxf2 1-0

[Event "Titled Tuesday intern op 12th Sep Early"]
[Site "Chess.com INT"]
[Date "2023.09.12"]
[Round "6"]
[White "Pironti, Francisco Ferrari"]
[Black "Doshi, Moksh Amitbhai"]
[Result "0-1"]
[WhiteElo "1947"]
[BlackElo "2366"]
[PlyCount "102"]
[EventDate "2023.09.12"]
[EventType "swiss (blitz)"]
[EventRounds "11"]
[EventCountry "USA"]
[SourceTitle "EXT 2024"]
[Source "ChessBase"]
[SourceDate "2023.10.10"]
[SourceVersion "1"]
[SourceVersionDate "2023.10.10"]
[SourceQuality "1"]

1. e4 c6 2. d4 d5 3. exd5 cxd5 4. Bd3 Nc6 5. c3 e6 6. Nf3 Bd6 7. 0-0 Nge7 8. Re1 0-0 9. Bxh7+ Kxh7 10. Ng5+ Kg6 11. Qg4 f5 12. Qf3 Rh8 13. g3 Qg8 14. h4 Bd7 15. Bf4 Nc8 16. Nd2 Be7 17. Re2 Bxg5 18. Bxg5 Nd6 19. Rae1 Re8 20. Qf4 Ne4 21. Nf3 Qh7 22. g4 fxg4 23. Qxg4 Qh5 24. Qg2 Kh7 25. Nh2 Rhf8 26. f3 Nxg5 27. hxg5 Rf5 28. Ng4 Qxg5 29. Kf2 Ref8 30. Rh1+ Kg8 31. Qh3 Rxf3+ 32. Qxf3 Qxg4 33. Rh8+ Kxh8 34. Qxf8+ Kh7 35. Re3 Qf5+ 36. Qxf5+ exf5 37. Kf3 g5 38. b4 b5 39. Re1 Kg6 40. a4 a6 41. axb5 axb5 42. Ra1 f4 43. Ra6 Kf5 44. Rb6 g4+ 45. Kf2 Ke4 46. Rxb5 g3+ 47. Kg2 Ke3 48. Rxd5 Bg4 49. Rg5 f3+ 50. Kxg3 f2 51. Kg2 Bh3+ 0-1

[Event "Titled Tuesday intern op 12th Sep Early"]
[Site "Chess.com INT"]
[Date "2023.09.12"]
[Round "9"]
[White "Pironti, Francisco Ferrari"]
[Black "Herman, Daniel"]
[Result "1-0"]
[WhiteElo "1947"]
[BlackElo "1927"]
[PlyCount "49"]
[EventDate "2023.09.12"]
[EventType "swiss (blitz)"]
[EventRounds "11"]
[EventCountry "USA"]
[SourceTitle "EXT 2024"]
[Source "ChessBase"]
[SourceDate "2023.10.10"]
[SourceVersion "1"]
[SourceVersionDate "2023.10.10"]
[SourceQuality "1"]

1. e4 e6 2. d3 d5 3. Qe2 Be7 4. Nf3 Nc6 5. g3 e5 6. exd5 Qxd5 7. Nc3 Qd6 8. Bg2 Nf6 9. 0-0 0-0 10. Re1 Bg4 11. h3 Nd4 12. Qd1 Nxf3+ 13. Bxf3 Bxh3 14. Bg5 Rfe8 15. Bxb7 Rab8 16. Qf3 e4 17. dxe4 Rxb7 18. e5 Qb6 19. exf6 gxf6 20. Nd5 fxg5 21. Nxb6 Rxb6 22. g4 Rh6 23. Qf5 Kf8 24. Re3 Bc5 25. Qxc5+ 1-0

[Event "Titled Tuesday intern op 12th Sep Late"]
[Site "Chess.com INT"]
[Date "2023.09.12"]
[Round "2"]
[White "Pironti, Francisco Ferrari"]
[Black "Kaplan, Avi Harrison"]
[Result "1-0"]
[WhiteElo "1947"]
[BlackElo "2112"]
[PlyCount "57"]
[EventDate "2023.09.12"]
[EventType "swiss (blitz)"]
[EventRounds "11"]
[EventCountry "USA"]
[SourceTitle "EXT 2024"]
[Source "ChessBase"]
[SourceDate "2023.10.10"]
[SourceVersion "1"]
[SourceVersionDate "2023.10.10"]
[SourceQuality "1"]

1. e4 c6 2. d4 Na6 3. Nh3 Nc7 4. Nc3 d5 5. Nf4 dxe4 6. Nxe4 Nf6 7. Nxf6+ exf6 8. c3 Bd6 9. Bd3 Qe7+ 10. Qe2 Qxe2+ 11. Kxe2 0-0 12. f3 Bd7 13. Bd2 Ne6 14. Nh5 Nc7 15. Rae1 c5 16. Bh6 Rfe8+ 17. Kd2 Bf8 18. dxc5 gxh6 19. Nxf6+ Kg7 20. Nxd7 Rad8 21. Nxf8 Rxf8 22. Kc2 Ne6 23. b4 Nf4 24. Be4 Rd7 25. Rd1 Re7 26. g3 Ne6 27. Rhe1 Rfe8 28. Bd5 Nd4+ 29. Kd2 1-0

[Event "Sao Carlos Paulista-ch op"]
[Site "Sao Carlos"]
[Date "2023.09.09"]
[Round "6"]
[White "Romero, Lila Angelica"]
[Black "Pironti, Francisco Ferrari"]
[Result "0-1"]
[WhiteElo "1329"]
[BlackElo "1947"]
[PlyCount "94"]
[EventDate "2023.09.07"]
[EventType "swiss"]
[EventRounds "7"]
[EventCountry "BRA"]
[SourceTitle "EXT 2024"]
[Source "ChessBase"]
[SourceDate "2023.10.10"]
[SourceVersion "1"]
[SourceVersionDate "2023.10.10"]
[SourceQuality "1"]

1. e4 c5 2. c3 Nf6 3. e5 Nd5 4. d4 cxd4 5. cxd4 Nc6 6. Nf3 d6 7. Bc4 dxe5 8. dxe5 Be6 9. 0-0 g6 10. Ng5 Bg7 11. Nxe6 fxe6 12. Bb5 0-0 13. Bxc6 bxc6 14. Nd2 Qc7 15. Nc4 Rad8 16. Qe2 Rf5 17. f4 Rdf8 18. g3 g5 19. Ne3 R5f7 20. Nxd5 exd5 21. Be3 gxf4 22. Bxf4 e6 23. Kg2 Rf5 24. Rae1 c5 25. b3 a5 26. Qa6 Qf7 27. Qd6 Bh6 28. Qxc5 Bxf4 29. Rxf4 Rxf4 30. gxf4 Qxf4 31. Qe3 Qxe3 32. Rxe3 Rf5 33. a3 Rf4 34. Kg3 Rd4 35. Kf3 Kf7 36. Rc3 Kg6 37. Re3 Kf5 38. h3 Rf4+ 39. Ke2 Re4 40. Kd3 Rxe3+ 41. Kxe3 Kxe5 42. b4 axb4 43. axb4 d4+ 44. Kd3 Kd5 45. b5 e5 46. h4 e4+ 47. Kd2 Kc5 0-1

[Event "Titled Tuesday intern op 05th Sep Late"]
[Site "Chess.com INT"]
[Date "2023.09.05"]
[Round "3"]
[White "Lopez Idarraga, Daniel Eduardo"]
[Black "Pironti, Francisco Ferrari"]
[Result "0-1"]
[WhiteElo "2027"]
[BlackElo "1947"]
[PlyCount "48"]
[EventDate "2023.09.05"]
[EventType "swiss (blitz)"]
[EventRounds "11"]
[EventCountry "USA"]
[SourceTitle "EXT 2024"]
[Source "ChessBase"]
[SourceDate "2023.10.10"]
[SourceVersion "1"]
[SourceVersionDate "2023.10.10"]
[SourceQuality "1"]

1. d4 d5 2. c4 dxc4 3. e3 e5 4. Bxc4 exd4 5. exd4 Bd6 6. Nf3 Nf6 7. 0-0 0-0 8. h3 h6 9. Nc3 Nc6 10. a3 Bf5 11. Be3 Re8 12. Re1 a6 13. Qb3 Qd7 14. Qa2 b5 15. Bb3 Na5 16. Rad1 Nxb3 17. Qxb3 Bxh3 18. gxh3 Qxh3 19. Ne5 Bxe5 20. dxe5 Rxe5 21. Ne2 Ng4 22. Nf4 Qh2+ 23. Kf1 Rxe3 24. Rxe3 Qxf2# 0-1

[Event "Titled Tuesday intern op 05th Sep Late"]
[Site "Chess.com INT"]
[Date "2023.09.05"]
[Round "7"]
[White "Martin Fuentes, Alberto"]
[Black "Pironti, Francisco Ferrari"]
[Result "1-0"]
[WhiteElo "2376"]
[BlackElo "1947"]
[PlyCount "25"]
[EventDate "2023.09.05"]
[EventType "swiss (blitz)"]
[EventRounds "11"]
[EventCountry "USA"]
[SourceTitle "EXT 2024"]
[Source "ChessBase"]
[SourceDate "2023.10.10"]
[SourceVersion "1"]
[SourceVersionDate "2023.10.10"]
[SourceQuality "1"]

1. e4 c5 2. Nc3 a6 3. g3 b5 4. Bg2 Bb7 5. d3 e6 6. Nh3 Nc6 7. 0-0 Nf6 8. f4 d6 9. f5 Be7 10. fxe6 fxe6 11. Ng5 Bc8 12. e5 Nd5 13. Nf7 1-0